000 00598nam a2200157 a 4500
008 120416s1973 ||||||||||||||||| || u
020 _a0876201877
050 _aLB 2321 Cru
100 _aHipple, Theodore W
245 1 0 _aCrucial issues in contemporary education
_cedited by Theodore W. Hipple
260 _aNew York:
_bGood Year Publishing
_c1973
300 _ax, 335p.
350 _a0.00
650 0 _aEDUCATIONAL TESTS AND MEASUREMENTS
995 _D0.00
_FCBU-MAIN LIBRARY (Kitwe)
_H1
_I0.00
_M1
_UAVAILABLE
_ZAnnex Low-Usage Collection
999 _c39252
_d39252